• 首页
  • 本馆介绍
  • 公告通知
  • 最新文献
  • 馆藏检索
  • 电子资源
  • 读者导购
  • 参考咨询
  • 我的图书馆
  • 登录
  • 详细信息显示
  • 放入我的书架
  • 预约/预借图书
  • 作者相关作品
  • 分类相关作品
  • 丛书相关作品
  • 出版社相关作品

书目信息

  • 表格格式
  • 工作单格式
  • 卡片格式
题名:
听3个妈妈跟你说:怀孕、分娩、月子、育儿那些事儿
    
 
作者: 常虹
分册:  
出版信息: 北京   电子工业出版社  2016.05
页数: 304页
开本: 26cm
丛书名:
单 册:
中图分类: R715.3
科图分类:
主题词: 临床医学:优生学
电子资源:
ISBN: 978-7-121-28233-1
000 00672nam0 2200205 450
001 3680
005 20160926152328.73
010    @a978-7-121-28233-1@b平装@dCNY49.80
100    @a20151001d2016 km y0chiy0120 ea
101 0  @achi
102    @aCN@b110000
200 1  @a听3个妈妈跟你说:怀孕、分娩、月子、育儿那些事儿@Ating 3 ge ma ma gen ni shuo:huai yun、fen mian、yue zi、yu er na xie shi er@f常虹@Fchang hong
210    @a北京@c电子工业出版社@d2016.05
215    @a304页@d26cm
330    @a任免期·妇幼保健·基本知识
606 0  @a临床医学:优生学
690    @aR715.3@v4
701  0 @a常虹@Achang hong
801  0 @aCN@b唐山师范学院图书馆@c20151001
905    @aZUCC@dR715.3@e28
    
    听3个妈妈跟你说:怀孕、分娩、月子、育儿那些事儿/常虹.-北京:电子工业出版社,2016.05
    304页;26cm
    
    
    ISBN 978-7-121-28233-1(平装):CNY49.80
    任免期·妇幼保健·基本知识
●
相关链接 在E读中查询图书 在五车中查询图书 在当当中查询图书 在豆瓣中查询图书


正题名:听3个妈妈跟你说:怀孕、分娩、月子、育儿那些事儿     索取号:R715.3/28         预约/预借

序号 登录号 条形码 馆藏地/架位号 状态 备注
1 905836   209058366   第二样本阅览室/ [索取号:R715.3/28] 在馆    
2 905837   209058375   第三借阅区/ [索取号:R715.3/28] 在馆    
3 905838   209058384   第三借阅区/ [索取号:R715.3/28] 在馆    
4 905839   209058393   第三借阅区/ [索取号:R715.3/28] 在馆    
唐山师范学院图书馆 欢迎您!
大连网信软件有限公司© 版权所有